000 00354nam a2200157Ia 4500
003 Ost
005 20260225132558.0
008 260225s9999||||xx |||||||||||||| ||und||
040 _cfsic
041 _afre
082 _a331.2
100 _aDenis polletier
_eAuteur
245 0 _aL'aventure du travailI /
245 0 _cDenis polletier
942 _cكتاب
999 _c34607
_d34607